Online
Catalog

Participación de la mujer en la educación sistemática en la República Dominicana / (Record no. 16332)

MARC details
000 -CABECERA
campo de control de longitud fija 00957nam a2200253 a 4500
001 - NÚMERO DE CONTROL
campo de control 000016800
005 - FECHA Y HORA DE LA ÚLTIMA TRANSACCIÓN
campo de control 20200929164950.0
008 - DATOS DE LONGITUD FIJA--INFORMACIÓN GENERAL
campo de control de longitud fija 100310s1977 dr 000 0 spa d
040 ## - FUENTE DE LA CATALOGACIÓN
Centro catalogador/agencia de origen DO-SdBNP
Lengua de catalogación spa
Centro/agencia transcriptor BNPHU
082 ## - NÚMERO DE LA CLASIFICACIÓN DECIMAL DEWEY
Número de clasificación 371.822
Número de documento/Ítem M528p
049 ## - FONDOS LOCALES (OCLC)
Fondos de biblioteca BNPD
100 1# - ENTRADA PRINCIPAL--NOMBRE DE PERSONA
Nombre de persona Melo de Cardona, Ligia A.
9 (RLIN) 37226
245 10 - MENCIÓN DE TÍTULO
Título Participación de la mujer en la educación sistemática en la República Dominicana /
Mención de responsabilidad, etc. Ligia A. Melo de Cardona.
260 ## - PUBLICACIÓN, DISTRIBUCIÓN, ETC.
Lugar de publicación, distribución, etc. Santo Domingo :
Nombre del editor, distribuidor, etc. UASD,
Fecha de publicación, distribución, etc. 1977.
300 ## - DESCRIPCIÓN FÍSICA
Extensión v. ;
Dimensiones 21 cm.
490 1# - MENCIÓN DE SERIE
Mención de serie UASD crítica, no. 19
Designación de volumen o secuencia v. 238
500 ## - NOTA GENERAL
Nota general Incluye datos biográficos de la autora en la contracubierta
500 ## - NOTA GENERAL
Nota general La biblioteca posee el v. 238
504 ## - NOTA DE BIBLIOGRAFÍA, ETC.
Nota de bibliografía, etc. Incluye bibliografías [p.15]
650 #4 - PUNTO DE ACCESO ADICIONAL DE MATERIA--TÉRMINO DE MATERIA
Término de materia o nombre geográfico como elemento de entrada Educación de la mujer
Subdivisión geográfica República Dominicana
9 (RLIN) 8402
650 #4 - PUNTO DE ACCESO ADICIONAL DE MATERIA--TÉRMINO DE MATERIA
Término de materia o nombre geográfico como elemento de entrada Mujer
Subdivisión general Educación
Subdivisión geográfica República Dominicana
9 (RLIN) 37227
650 #4 - PUNTO DE ACCESO ADICIONAL DE MATERIA--TÉRMINO DE MATERIA
Término de materia o nombre geográfico como elemento de entrada Educación
Subdivisión geográfica República Dominicana
9 (RLIN) 737
830 #0 - PUNTO DE ACCESO ADICIONAL DE SERIE-TÍTULO UNIFORME
Título uniforme UASD crítica, no. 19
Número de parte o sección de la obra v. 238
9 (RLIN) 37228
Holdings
Estado de retiro Estado de pérdida Restricciones de uso No para préstamo Código de colección Localización permanente Ubicación/localización actual Ubicación en estantería Fecha de adquisición Número de inventario Total de préstamos Signatura topográfica completa Código de barras Fecha visto por última vez Número de copia Precio válido a partir de Tipo de ítem Koha
        Dominicana de Servicio General General Depósito 27.04.2011 LF1   371.822 M528p 16800-30 25.06.2020 e. 3 25.06.2020 Libro y Folleto Colección Dominicana de Servicio
        Dominicana de Servicio General General Depósito 28.04.2011 LF1   371.822 M528p 16800-40 25.06.2020 e. 4 25.06.2020 Libro y Folleto Colección Dominicana de Servicio
        Dominicana de Servicio General General Depósito 22.04.2015 LF1   371.822 M528p 16800-50 25.06.2020 e. 5 25.06.2020 Libro y Folleto Colección Dominicana de Servicio
      Excluido de préstamo Patrimonio Dominicano Patrimonio Dominicano Patrimonio Dominicano Depósito 10.03.2010 LF1   371.822 M528p 16800-10 25.06.2020   25.06.2020 Libro y Folleto Colección Patrimonio Dominicano
      Excluido de préstamo Patrimonio Dominicano Patrimonio Dominicano Patrimonio Dominicano Depósito 10.03.2010 LF1   371.822 M528p 16800-20 25.06.2020 e. 2 25.06.2020 Libro y Folleto Colección Patrimonio Dominicano

Powered by Koha